| 000 | 00511nam a2200181 4500 | ||
|---|---|---|---|
| 020 | _a9789349946781 | ||
| 082 |
_aM 894.812 _bFAB/M |
||
| 100 | _aFabeena E V | ||
| 245 |
_aMalayalam Capsule/ _cby Fabeena E V |
||
| 260 |
_aKozhikode: _bAtma books, _c2025. |
||
| 300 | _a304p. | ||
| 650 | _aMalayalam language literature | ||
| 650 | _aSouth Dravidian languages | ||
| 650 | _aDravidian literatures | ||
| 650 | _aLiteratures of Altaic, Uralic, and Dravidian languages | ||
| 650 | _aLiterature | ||
| 942 | _cBK | ||
| 999 |
_c181910 _d181910 |
||